000 00574cam a2200193 4500500
005 20260405002945.0
041 _afre
042 _adc
100 1 0 _aRégnier, Quentin
_eauthor
245 0 0 _aPourquoi parlons-nous aux animaux ?
260 _c2019.
500 _a71
690 _aAnimal
690 _aDescartes
690 _aFrans de Waal
690 _aPythagore
786 0 _nPhilosophie magazine | 133 | 10 | 2019-10-01 | p. 35-35 | 1951-1787
856 4 1 _uhttps://shs.cairn.info/magazine-philosophie-magazine-2019-10-page-35?lang=fr&redirect-ssocas=7080
999 _c2062921
_d2062921